000 01694cam a22003614a 4500
999 _c478839
_d478839
001 16012289
003 NUST
005 20180801054557.0
008 091208s2010 nyub 000 0 eng
010 _a 2009049752
020 _a9781400067466
020 _a9780679604051 (ebook)
038 _a0
040 _aDLC
_cDLC
_dDLC
043 _ai------
_an-us---
050 0 0 _aDS341.3.U6
_bK37 2010
082 0 0 _a327.730182/4
_222
100 1 _aKaplan, Robert D.,
_d1952-
_912203
245 1 0 _aMonsoon :
_bthe Indian Ocean and the future of American power /
_cRobert D. Kaplan.
250 _a1st ed.
260 _aNew York :
_bRandom House,
_cc2010.
300 _axiv, 374 p. :
_bmaps ;
_c25 cm.
520 _aIn "Monsoon," a pivotal examination of the Indian Ocean region and the countries known as "Monsoon Asia," bestselling author Robert D. Kaplan deftly shows how crucial this dynamic area has become to American power in the twenty-first century. Kaplan also offers riveting insights into the economic and naval strategies of China and India and how they will affect U.S. interests, while also providing an on-the-ground perspective on the more volatile countries in the region.
650 0 _aNational security
_zUnited States.
_97976
650 0 _aNational security
_zIndian Ocean Region.
_912204
651 0 _aUnited States
_xForeign relations
_zIndian Ocean Region.
_912205
651 0 _aIndian Ocean Region
_xForeign relations
_zUnited States.
_912206
651 0 _aIndian Ocean Region
_xStrategic aspects.
_912207
906 _a7
_bcbc
_corignew
_d1
_eecip
_f20
_gy-gencatlg
942 _2ddc
_cBK